| 000 | 00673nam a2200181Ia 4500 | ||
|---|---|---|---|
| 008 | 100921s9999 xx 000 0 und d | ||
| 082 |
_b23758 _a891.2 थ 37 |
||
| 100 | _aदेसाई राजाराम दामोदर. | ||
| 245 | _aसंस्कृतप्रवेश. | ||
| 260 |
_bदेसाई राजाराम दामोदर,अंमळनेर. _c1937 |
||
| 300 |
_a283 _b--- |
||
| 365 | _b2 | ||
| 520 | _aललित-स्ंास्कृत. | ||
| 630 | _aसंस्कृतप्रवेश. | ||
| 650 | _aललित-स्ंास्कृत. | ||
| 730 | _aसंस्कृतप्रवेश. | ||
| 942 | _cBOOK | ||
| 999 |
_c772871 _d772868 |
||